10 mots dans mots : prénoms 3 (click quiz) - Statistiques

Statistiques générales
  • Ce quiz a été pris 129 fois
  • Le résultat moyen est 7 sur 10
Statistiques - réponses
Hint Réponse % Correct
Mé---rologique Téo
90%
Qui--- Noa
83%
Iné---tablement Luc
82%
Es---o Kim
80%
Dé---ortissement Sam
73%
Pos---pressionniste Tim
71%
Hyperglycé---nt Mia
64%
Bo---nnement Ugo
64%
Che---eresquement Val
61%
Electropne---tique Uma
59%
Aucun quiz correspondant
Distribution des résultats
% des personnes avec chaque résultat
Percentile par nombre de réponses
Votre historique - résultats
Vous n’avez pas pris ce quiz